000 00567nam a2200193Ia 4500
003 IN-BaIIA
008 211028s9999 xx 000 0 eng d
020 _a 9781483224923
040 _cIIA Library
080 _a047.1:539.1
_bPRO-4
245 0 _aProgress in nuclear physics
_bvol. 4
_cedited by O. R. Frisch
260 _aLondon
_bPergamon Press
_c1955
300 _avii, 379p.
650 _aHigh energy interactions
650 _aNASA Thesaurus
650 _aNuclear research
700 _aFrisch, O. R., ed.
942 _cBK
999 _c1486
_d1486